HAcer teología en el contexto de la globalización: perspectivas africanas (Record no. 412272)
[ view plain ]
| 000 -CABECERA | |
|---|---|
| Campo de control de longitud fija | 00573nab a22001457u 4500 |
| 008 - CÓDIGOS DE INFORMACIÓN DE LONGITUD FIJA | |
| Campo de control de longitud fija | 130520b2010 xxu||||| |||| 00| 0 spa d |
| 041 ## - CÓDIGO DE LENGUA | |
| Código de lengua del texto/banda sonora o título independiente | spa |
| 100 1# - PUNTO DE ACCESO PRINCIPAL-NOMBRE DE PERSONA | |
| Nombre de persona | Karanja Kamaara, Eunice |
| 9 (RLIN) | 82849 |
| 245 00 - MENCIÓN DE TÍTULO | |
| Título | HAcer teología en el contexto de la globalización: perspectivas africanas |
| Mención de responsabilidad, etc. | Eunice Karanja Kamaara, Damaris Seleina Parsitau, Edith Kayeli, Sussy Gumo Kurgat |
| 700 1# - PUNTO DE ACCESO ADICIONAL-NOMBRE DE PERSONA | |
| Nombre de persona | Gumo Kurgat, Sussy |
| 9 (RLIN) | 82850 |
| 700 1# - PUNTO DE ACCESO ADICIONAL-NOMBRE DE PERSONA | |
| Nombre de persona | Kayeli, Edith |
| 9 (RLIN) | 82851 |
| 700 1# - PUNTO DE ACCESO ADICIONAL-NOMBRE DE PERSONA | |
| Nombre de persona | Seleina Parsitau, Damaris |
| 9 (RLIN) | 82852 |
| 773 0# - ENLACE AL DOCUMENTO FUENTE | |
| Título | Concilium |
| Parte(s) relacionada(s) | nº334,2010,págs. 143-164 |
| Número Internacional Normalizado para Publicaciones Seriadas (ISSN) | 0210-1041 |
| Número de control del registro relacionado | Rev134 |
| 942 ## - ENTRADA DE ELEMENTOS AGREGADOS (KOHA) | |
| Koha [por defecto] tipo de item | Artículos de revista |
| Suprimido | Perdido | Estropeado | No para préstamo | Localización permanente | Localización actual | Localización en estantería | Fecha adquisición | Préstamos totales | Fecha última consulta | Fecha del precio de reemplazo | Tipo de item de Koha |
|---|---|---|---|---|---|---|---|---|---|---|---|
| San Esteban | San Esteban | Depósito de revistas | 21/05/2013 | 21/05/2013 | 21/05/2013 | Artículos de revista |
